Futbalu zdar, občanom čelom vzad

Kritika voči tomu, ako zneužívajú politici futbalové podujatia.

Salvato in:
Dettagli Bibliografici
Autore principale: Augustín, Michael, 1991-
Natura: Capitolo di libro
Lingua:slovacco
Soggetti:
Tags: Aggiungi Tag
Nessun Tag, puoi essere il primo ad aggiungerne!!

MARC

LEADER 00000naa a2200000 4500
001 0273177
005 20240502074315.4
041 0 |a slo 
044 |a SK 
245 1 0 |a Futbalu zdar, občanom čelom vzad  |c Michael Augustín 
520 |a Kritika voči tomu, ako zneužívajú politici futbalové podujatia. 
610 2 0 |a politika 
610 2 0 |a šport 
610 2 0 |a populizmus 
610 2 0 |a nacionalizmus 
100 1 |a Augustín, Michael, 1991-